000 00424nam a2200169Ia 4500
003 LK-CoDNM
008 010623t1926 xxu||||| |||| 00| 1 sin d
040 _aLK-CoDNM
_dLK-CoDNM
_eLK-CoDNM
041 _asin
080 _a104 D.8
100 _aDe Silva,G.J
245 _aලංකා ඉතිහාසය
246 _aLankaa Itihaasaya
260 _bVidya Sagara
_aColombo
_c1926
300 _b184p., 21 cm
942 _cBK
999 _c93615
_d93615